Central Library OPAC University of Rajshahi

The gift : (Record no. 70193)

MARC details
000 -LEADER
fixed length control field 00811nam a2200241 a 4500
001 - CONTROL NUMBER
control field 70193
003 - CONTROL NUMBER IDENTIFIER
rucl marc code BD-RjUL
005 - DATE AND TIME OF LATEST TRANSACTION
control field 20211209081955.0
008 - FIXED-LENGTH DATA ELEMENTS--GENERAL INFORMATION
fixed length control field 170416s1954 enk b 000 0 eng d
035 ## - SYSTEM CONTROL NUMBER
System control number (BD-RjUL)70406
040 ## - CATALOGING SOURCE
Original cataloging agency WVU
Transcribing agency WVU
Language of cataloging eng
Modifying agency BD-RjUL
041 1# - LANGUAGE CODE
Language code of text/sound track or separate title eng
Language code of original fre
082 ## - DEWEY DECIMAL CLASSIFICATION NUMBER
Edition number 23
Classification number 394
Author mark and year MAG 1954
100 1# - MAIN ENTRY--PERSONAL NAME
Personal name Mauss, Marcel,
Dates associated with a name 1872-1950.
9 (RLIN) 207877
245 14 - TITLE STATEMENT
Title The gift :
Remainder of title forms and functions of exchange in archaic societies /
Statement of responsibility, etc. by Marcel Mauss.
260 ## - PUBLICATION, DISTRIBUTION, ETC. (IMPRINT)
Place of publication, distribution, etc. London :
Name of publisher, distributor, etc. Cohen & West,
Date of publication, distribution, etc. 1954.
300 ## - PHYSICAL DESCRIPTION
Pagination xiv, 130 p. ;
Size 23 cm.
500 ## - GENERAL NOTE
General note Translation of Essai sur le don [1925] as published in Sociologie et anthropologie (Paris : P.U.F., 1950).
General note Includes bibliographical references
650 #0 - SUBJECT ADDED ENTRY--TOPICAL TERM
Topical term or geographic name as entry element Gifts
9 (RLIN) 134269
Topical term or geographic name as entry element Social structure
9 (RLIN) 143317
942 ## - ADDED ENTRY ELEMENTS (KOHA)
Source of classification or shelving scheme Dewey Decimal Classification
Koha item type Books
Holdings
Lost status Source of classification or shelving scheme Damaged status Not for loan Collection code Permanent Location Current Location Shelving location Date acquired Source of acquisition Cost, normal purchase price Total Checkouts Full call number Date last seen Copy number Koha item type
  Dewey Decimal Classification   Not For Loan Non-fiction Central Library, University of Rajshahi Central Library, University of Rajshahi Reading Room 27/09/1965 Zeitlinger 15.00   394 MAG 1954 16/04/2017 C-1 Books